100 joueurs néerlandais avec la plus grosse valeur marchande - Statistiques

Statistiques générales
  • Ce quiz a été pris 101 fois
  • Le résultat moyen est 25 sur 100
Statistiques - réponses
Club Prix Réponse % Correct
Barcelone 75 millions Frenkie De Jong
98%
PSV Eindhoven 4 millions Luuk De Jong
98%
Bayern Munich 75 millions Matthijs De Ligt
94%
Tottenham 30 millions Micky Van De Ven
92%
Manchester City 42 millions Nathan Aké
90%
Liverpool 35 millions Virgil Van Dijk
90%
Liverpool 55 millions Cody Gakpo
83%
Newcastle 45 millions Sven Botman
70%
RB Leipzig 40 millions Xavi Simons
68%
Atletico Madrid 14 millions Memphis Depay
65%
Arsenal 42 millions Jurrien Timber
64%
Feyenoord 8 millions Quinten Timber
64%
Inter Milan 28 millions Denzel Dumfries
61%
Borussia Dortmund 28 millions Donyell Malen
60%
Bayer Leverkusen 40 millions Jeremie Frimpong
55%
Liverpool 30 millions Ryan Gravenberch
52%
Mayence 5 millions Sepp Van Den Berg
52%
Al-Ettifaq 8 millions Georginio Wijnaldum
48%
Manchester United 13 millions Donny Van De Beek
47%
Inter Milan 8 millions Stefan De Vrij
47%
Atalanta 30 millions Teun Koopmeiners
42%
Manchester Untited 22 millions Tyrell Malacia
40%
Hoffenheim 12 millions Wout Weghorst
40%
Atalanta 10 millions Marten De Roon
38%
PSV Eindhoven 15 millions Noa Lang
38%
Girona 3 millions Daley Blind
35%
Everton 25 millions Arnaut Danjuma
34%
Ajax Amsterdam 22 millions Steven Bergwijn
34%
Ajax Amsterdam 12 millions Steven Berghuis
33%
Feyenoord 10 millions Calvin Stengs
31%
Spartak Moscou 11 millions Quincy Promes
31%
Ajax Amsterdam 12 millions Branco Van Den Boomen
28%
Atalanta 6 millions Hans Hateboer
26%
Atalanta 9 millions Mitchel Bakker
26%
AS Monaco 7 millions Myron Boadu
24%
Bournemouth 14 millions Justin Kluivert
22%
Toulouse 12 millions Thijs Dallinga
22%
Milan AC 14 millions Tiajjani Reijnders
22%
Ajax Amsterdam 12 millions Brian Brobbey
20%
Feyenoord 15 millions Justin Bijlow
19%
Feyenoord 25 millions Lutsharel Geertruida
19%
Toulouse 6 millions Stijn Spierings
18%
Brighton 10 millions Bart Verbruggen
17%
Inter Milan 10 millions Davy Klaassen
17%
Brighton 10 millions Joel Veltman
16%
Brentford 10 millions Mark Flekken
16%
Torino 25 millions Perr Schuurs
16%
AS Rome 7 millions Rick Karsdorp
16%
PSV Eindhoven 16 millions Joey Veerman
15%
Ajax Amsterdam 12 millions Kenneth Taylor
15%
Chelsea 12 millions Ian Maatsen
14%
Bologne 9 millions Joshua Zirkzee
14%
Stade Brestois 3,5 millions Marco Bizot
14%
OGC Nice 6 millions Pablo Rosario
14%
Leeds United 18 millions Pascal Struijk
14%
Brighton 5 millions Jan Paul Van Hecke
13%
PSV Eindhoven 12 millions Jerdy Schouten
13%
Fulham 15 millions Kenny Tete
13%
Royal Antwerp 8 millions Owen Wijndal
13%
Ajax Amsterdam 5 millions Jorrel Hato
11%
SC Heerenveen 4,5 millions Andries Noppert
10%
Ajax Amsterdam 8 millions Devyne Rensch
10%
PSV Eindhoven 6 millions Guus Til
10%
PSV Eindhoven 6 millions Jordan Teze
10%
Leeds United 15 millions Crysencio Summerville
9%
Al-Jazira 4 millions Karim Rekik
9%
Union Berlin 17 millions Danilho Doekhi
8%
Royal Antwerp 9 millions Vincent Janssen
8%
RC Strasbourg 8 millions Emanuel Emegha
7%
Feyenoord 15 millions Mats Wieffer
7%
Luton Town 3,2 millions Tahith Chong
7%
Stade De Reims 7,5 millions Azor Matusiwa
6%
PSV Eindhoven 3 millions Patrick Van Aanholt
6%
Feyenoord 10 millions Quilindschy Hartman
6%
Bologne 6 millions Sydney Van Hooijdonk
6%
Feyenoord 6 millions Javairo Dilrosun
5%
Royal Antwerp 6 millions Jurgen Ekkelenkamp
3%
Bologne 4,5 millions Sam Beukema
3%
Club Bruges 10 millions Bjorn Meijer
2%
AZ Alkmaar 4 millions Dani De Wit
2%
Sporting CP 13 millions Jerry St Juste
2%
AZ Alkmaar 3 millions Jordy Clasie
2%
FC Twente 4 millions Joshua Brenet
2%
Stoke City 3,5 millions Ki-Jana Hoever
2%
Hamburg 6 millions Ludovit Reis
2%
Coventry City 7 millions Milan Van Ewijk
2%
AZ Alkmaar 4 millions Sven Mijnans
2%
Panathinaikos 3,8 millions Tonny Vilhena
2%
Mayence 5 millions Anwar El Ghazi
1%
PSV Eindhoven 4,5 millions Armando Obispo
1%
FC Utrecht 3,3 millions Bart Ramselaar
1%
Sheffield United 8 millions Gustavo Hamer
1%
Royal Antwerp 4 millions Gyrano Kerk
1%
Leeds United 10 millions Joel Piroe
1%
Vitesse 3,5 millions Million Manhoef
1%
Stoke City 4,5 millions Wouter Burger
1%
FC Twente 6 millions Gijs Smal
0%
Fenerbahce 5 millions Jayden Oosterwolde
0%
FC Twente 4,5 millions Mees Hilgers
0%
Milwall 4,2 millions Zian Flemming
0%
Aucun quiz correspondant
Distribution des résultats
% des personnes avec chaque résultat
Percentile par nombre de réponses
Votre historique - résultats
Vous n’avez pas pris ce quiz